Слово о законе

Λεπτομέρειες βιβλιογραφικής εγγραφής
Κύριος συγγραφέας: Мальцев Б. А. Борис Алексеевич
Γλώσσα:Ρωσικά
Έκδοση: Томск, [Б. и.], 2000
Θέματα:
Μορφή: Βιβλίο
KOHA link:https://koha.lib.tpu.ru/cgi-bin/koha/opac-detail.pl?biblionumber=26807

MARC

LEADER 00000nam0a2200000 4500
001 26807
005 20231030201809.0
010 |a 5713701778 
035 |a (RuTPU)RU\TPU\book\27051 
035 |a BOOK00027126 
090 |a 26807 
100 |a 20011209d2000 m y0rusy50 ca 
101 0 |a rus 
102 |a RU 
105 |a y z 000zy 
200 1 |a Слово о законе  |f Б. А. Мальцев 
210 |a Томск  |c [Б. и.]  |d 2000 
215 |a 128 с. 
610 1 |a право 
610 1 |a административное право 
610 1 |a местные органы 
610 1 |a Государственная Дума 
610 1 |a Сибирь 
610 1 |a Томская область 
686 |a Х621.011.2  |v LBC/SL-A  |2 rubbk 
700 1 |a Мальцев  |b Б. А.  |g Борис Алексеевич 
801 0 |a RU  |b 63413507  |c 20011209  |g PSBO 
801 2 |a RU  |b 63413507  |c 20111024  |g PSBO 
942 |c BK